Nazwy wojewodztw w 1 Minute (Speedrun) - Statystyki

Ogólne statystyki
  • Ten quiz został rozwiązany 52 razy
  • Średni wynik to 11 z 15
Statystyki odpowiedzi
Hint Odpowiedź % Poprawnych
Województwo pomorskie
88%
Województwo śląskie
86%
Województwo dolnośląskie
84%
Województwo mazowieckie
84%
Województwo podkarpackie
79%
Województwo warmińskomazurskie
79%
Województwo opolskie
77%
Województwo wielkopolskie
77%
Województwo małopolskie
74%
Województwo podlaskie
72%
Województwo zachodniopomorskie
72%
Województwo lubelskie
70%
Województwo kujawskopomorskie
67%
Województwo łódzkie
65%
Województwo świętokrzyskie
60%
Nie znaleziono quizów pasujących do podanych kryteriów
Rozkład punktacji
Procent ludzi z każdym wynikiem
Percentyl według liczby udzielonych odpowiedzi
Twoja historia wyników
Nie rozwiązałeś tego quizu